000 00657 a2200205 4500
010 _aENG-88898
020 _c500.00
_a9788189239404
035 _aEN-72431
037 _bDBAD / PUB
082 1 4 _a070.409
090 _c9639
_d9639
100 1 _aWadhwa, Priyanka
245 1 _aHistory of journalism /
_cby Priyanka Wadhwa
260 _aNew Delhi
_bMurari Lal & Sons
_c2007
270 _a4378/4B, Ansari Road, Darya Ganj,
_bNew Delhi
_e110 002
300 _av, 248p. :
_c22cm (Hb)
500 _aIncludes index
942 _adpl
_cEN
_k070.409 / WAD
999 _c9464
_d9464